00263nam a2200109Ia 4500008004100000041000800041100002300049260003300072245003500105250000600140300000700146220805s9999 xx 000 0 und d aeng aDeutsch, Wir leson aPunebPoona universityc1979 aGerman Prose for certification a1 a63